Human resource management
Αποθηκεύτηκε σε:
| Κύριος συγγραφέας: | |
|---|---|
| Άλλοι συγγραφείς: | |
| Μορφή: | Βιβλίο |
| Γλώσσα: | English |
| Δημοσίευση: |
Boston :
McGraw-Hill,
c2006
|
| Έκδοση: | 8th ed. |
| Θέματα: | |
| Ετικέτες: |
Προσθήκη ετικέτας
Δεν υπάρχουν, Καταχωρήστε ετικέτα πρώτοι!
|
MARC
| LEADER | 00000cam a2200000 i 4500 | ||
|---|---|---|---|
| 001 | 1/22298 | ||
| 008 | 060119s2006 eng d | ||
| 020 | |a 0-07-111561-7 | ||
| 035 | |l 10082101 | ||
| 040 | |a GR-MY-UA |b gre |e aacr | ||
| 041 | 0 | |a eng | |
| 082 | 0 | |a 658.3 |2 (22) | |
| 100 | 1 | |a Byars, Lloyd L. | |
| 245 | 1 | 0 | |a Human resource management / |c Lloyd L. Byars, Leslie W. Rue |
| 250 | |a 8th ed. | ||
| 260 | |a Boston : |b McGraw-Hill, |c c2006 | ||
| 300 | |a xiii, 429 σ.; |b πίν., σχ.; |c 28 εκ. | ||
| 500 | |a McGraw-Hill International edition | ||
| 504 | |a Περιλαμβάνει βιβλιογραφικές αναφορές, γλωσσάρι και ευρετήριο | ||
| 650 | 0 | 0 | |a Personnel management. |
| 700 | 1 | |a Rue, Leslie W. | |
| 852 | |a INST |b CHIOS |e 20060119 |h 658.3 BYA |p 005200024423 |q 005200024423 |t BK |y 0 | ||
| 901 | |a BIBL2-2005-3 | ||
| 909 | |a Χ |b 119814 | ||
| 970 | |a ΧΑΖΙΡΗ |b ΑΝΝΑ |z 2005/11/10 | ||